01723nam a2200205 a 4500008004100000020001500041092001700056100002800073245008200101250001200183260003400195300001000229500011500239505087400354590005001228655001701278942001301295999001501308952019401323161215t1997 ag ||||g |||| 00| h spa d a9500303302 c812l10sCAS1 aCasona, Alejandro93267 aProhibido suicidarse en primavera.bComedia en tres actos /cAlejandro Casona a19a ed. aBuenos Aires:bLosada;c1997. a85 p. aCasona, A. (1997). Prohibido suicidarse en primavera. Comedia en tres actos. (19a ed.). Buenos Aires : Losada. aAlejandro Casona -cuyo nombre era Alejandro Rodríguez Álvarez- nació en 1903 en Besullo (Oviedo), estudió arte escénico en el Conservatorio de Murcia, y Filosofía y Letras en Madrid. La sirena varada, su primera comedia, ganó el Premio Lope de Vega en 1943 y fue representada en el Español de Madrid por Margarita Xirgu. Luego de recorrer en misión artística varios países de América, Casona se radicó en Argentina, donde escribió sus obras mas conocidas. Habiendo regresado a España, falleció en 1965. Nueve piezas de Alejando Casona han sido reunidas por la Editorial Losada en tres volúmenes de su colección Gran Teatro del Mundo; varias de ellas igualmente famosas (La dama del alba, Nuestra Natacha, Los árboles mueren de pie, La serena varada y otras) se han editado también en esta Biblioteca Clásica y Contemporánea.  aProyecto 4to libro. Donación Camila Ledesma aTeatro93268 2ddccLIT c2433d2433 00102ddc4070aBFMbBFMcCRd2017-09-01eDonación Camila Ledesma, Agosto 2017l4o812 10 CASp3894r2025-03-12s2025-02-19tEj.1w2017-09-01yLITzDonación Camila Ledesma, Agosto 2017